Регионална библиотека "Любен Каравелов" - Русе

Оракула (Запис номер 14444)

MARC детайли
000 -Лидер
Контролно поле с фиксирана дължина 01280nam a2200349 c 4500
003 - Код на организацията, давaща контролен номер
Контролно поле BLK
005 - Дата и час на последна редакция
Контролно поле 20230628005118.0
008 - Елементи от данни с фиксирана дължина
fixed length control field 180412b bul|||||r ||||||| ||bul||
010 ## - Наследен системен номер
LC control number KNG00016156000
020 ## - Международен стандартен номер на книга ISBN
Международен стандартен номер на книга ISBN 954-8610-09-4
-- издат.: Лира Принт - на том(кн. 3)
040 ## - Източник на каталожния запис
Идентификатор на билиотеката - собственик на записа BLK
041 ## - Код за език
Код за езика на текст/звукозапис или на отделно заглавие Български
Код за езика КДБФ Български
080 ## - УДК
Текстов определител УДК Американска литература (на САЩ)
УДК код - определител по УДК 821.111(73)
УДК определител -312.9
УДК - код + определител 821.111(73)-312.9
100 1# - Редна дума - Автор
Автор Резник, Майк
Авторска отговорност първи автор
R(LIN) 243630
139 ## - Редно поле
Редна дума Резник, Майк
Авторски знак Рез - Р 46
245 10 - Сведения за заглавието
Заглавие Оракула
Подзаглавни данни Роман
Редно поле (дума) Майк Резник; прев. Владимир Зарков.
257 ## - Страна на издаване
Страна на създаване/издаване Съединени американски щати
260 ## - Област на издателските данни
-- София
Година на издаване 1996
300 ## - Физическа характеристика
Страници 256 с.
Размери/Мащаб 20 см
380 ## - Жанр
Жанр Худож. лит.
490 1# - СЕРИИ (Колекции)
Име на серия Хроника на човешкия вид
№: серия Кн. 3
500 ## - Общи забележки
Забележка Ориг. загл. Oracle / Mike Rеsnick. - 3 000 тир.
653 ## - Ключова дума – ненормативна
Ключова дума фантастика
653 ## - Ключова дума – ненормативна
Ключова дума романи
700 ## - Други автори (авторска отговорност)
Лично име Зарков, Владимир Владимиров
Дати, свързани с автора 1961-
Автороска отговорност (Описва отношението между автора и произведението) прев.
9 (RLIN) 365578
852 ## - Местоположение
Форматна сигнатура Цб 190614
856 4# - Електронен адрес и достъп
Електронен формат pdf - файл
Път до файла /url/
856 4# - Електронен адрес и достъп
Електронен формат pdf - файл
Път до файла /url/
942 ## - АРТИКУЛИ
Вид на библиотечния материал Книги
Скрит в OPAC Не
944 ## - СЪЗДАВАНЕ И РЕДАКЦИЯ на ЗАПИСА
Създаване/Редакция Създаване
Дата на регистрацията/редакция 15.01.2003
Статус, дата на статуса ф /
Служител, извършил регистрацията/редакцията Людмила_Стоянова
944 ## - СЪЗДАВАНЕ И РЕДАКЦИЯ на ЗАПИСА
Създаване/Редакция Редакция
Дата на регистрацията/редакция 15.06.2010
Статус, дата на статуса ф /
Служител, извършил регистрацията/редакцията
999 ## - СИСТЕМНИ КОНТРОЛНИ НОМЕРА
Koha biblionumber 14444
Koha biblioitemnumber 14444
Наличности
Код за отписване Код за изгубен артикул Код за повреда Коз за рестрикции Код за отдаване Артикулен № Име на библиотеката - собственик Име на библиотеката, в която се намира в момента Статус (Текущо местоположение) Дата на вписване в системата Местоположение - отдел Цена в лева Инвентарен номер Систематично азбучна сигнатура Баркод Номер на екземпляра Цена в евро Служебна бележка Служебен тип на артикула Източник на класификационната схема
Изтеглен Не е изгубен Не е повреден без рестрикции заемане за дома 24715 Регионална библиотека "Любен Каравелов" Русе Регионална библиотека "Любен Каравелов" Русе Детски отдел 2001-01-01 Детски отдел 330.00 627308 ДХ 820/899/Р 46 627308 1 168.73 Дост: Pk Вид: Ф N: стар фонд Дата: 01.01.1998 Дата инв: 14.09.2015 Бележки инв: Д2015 Книги  
Изтеглен Не е изгубен Не е повреден без рестрикции заемане за дома 24716 Регионална библиотека "Любен Каравелов" Русе Регионална библиотека "Любен Каравелов" Русе Заемна - подръчен фонд 2001-01-01 Заемна - подръчен фонд 1.98 627311 П 820(73)-31/Р 46 627311 2 1.01 Дост: Pk Вид: Ф N: стар фонд Дата: 01.01.1998 Книги Universal Decimal Classification
  Не е изгубен Не е повреден без рестрикции ползва се в читалня 24717 Регионална библиотека "Любен Каравелов" Русе Регионална библиотека "Любен Каравелов" Русе Хранилище 2001-01-01 Хранилище 0.33 629366 Цб 190614 120000629366 3 0.17 Дост: Dp Вид: Д N: стар фонд Дата: 01.01.1998 Книги Universal Decimal Classification
  Не е изгубен Не е повреден без рестрикции заемане за дома 24718 Регионална библиотека "Любен Каравелов" Русе Регионална библиотека "Любен Каравелов" Русе Детски отдел 2006-07-25 Детски отдел 3.00 120000703727 ДХ 820/899/Р 46 120000703727 4 1.53 Дост: Pk Вид: Ф N: 33 Дата: 19.07.2006 Дата инв: 10.08.2015 Бележки инв: Д2015 Книги  
Vip Innovations Ltd, Rousse, Bulgaria 2025